Tính tự chủ và trách nhiệm về tài chính của các trường đại học ở Việt Nam /

Đã lưu trong:
Sonraí Bibleagrafaíochta
Príomhúdar: Phạm Quang Sáng.
Formáid: Bài viết
Teanga:Vietnamese
Ábhair:
Clibeanna: Cuir Clib Leis
Gan Chlibeanna, Bí ar an gcéad duine leis an taifead seo a chlibeáil!
Thư viện lưu trữ: Thư viện Trường Đại học Đà Lạt
LEADER 00842nam a2200253 4500
001 DLU090064595
005 ##20090102
040 # # |a DLU  |b vie 
041 # # |a vie 
044 # # |a vn 
100 # # |a Phạm Quang Sáng. 
245 # # |a Tính tự chủ và trách nhiệm về tài chính của các trường đại học ở Việt Nam /  |c Phạm Quang Sáng. 
653 # # |a Giáo dục đại học 
653 # # |a Tự chủ tài chính 
773 # # |t Hội thảo nâng cao chất lượng đào tạo : Hội thảo toàn quốc lần thứ 2  |g 2001, tr. 231-236 
920 # # |a Phòng Tạp chí -- Trung tâm Thông tin - Thư viện Trường Đại học Đà Lạt 
994 # # |a DLU 
900 # # |a True 
911 # # |a Lê Thị Mạnh Xuân 
925 # # |a G 
926 # # |a A 
927 # # |a BB 
980 # # |a Thư viện Trường Đại học Đà Lạt